000 00453nam a2200181Ia 4500
001 19743
005 20260306172715.0
008 260306t2011||||xx |||||||||||||| ||spa||
041 _aESP
082 _a341
_bP78D
100 _aPortela, Jorge Guillermo
_eAUT
245 0 _aDerecho, desobediencia civil y principios jurídicos
260 _c2011
300 _a349 páginas :
_c24 cm.
650 _aGEN
654 _aCDE
942 _cLIB
_dJUS
_fJUS
_2ddc
_n
999 _c19743
_d19743